PROJECTS FITTER TOOL & DIE MAKER (Record no. 4723)

MARC details
000 -LEADER
fixed length control field 00511nam a2200241Ia 4500
001 - CONTROL NUMBER
control field 067814
003 - CONTROL NUMBER IDENTIFIER
control field YMCAF
005 - DATE AND TIME OF LATEST TRANSACTION
control field 20230512160453.0
008 - FIXED-LENGTH DATA ELEMENTS--GENERAL INFORMATION
fixed length control field 100717s1978 ||||||||||||||||| ||und|d
020 ## - INTERNATIONAL STANDARD BOOK NUMBER
International Standard Book Number -
024 ## - OTHER STANDARD IDENTIFIER
Standard number or code 67814
035 ## - SYSTEM CONTROL NUMBER
System control number 7277
040 ## - CATALOGING SOURCE
Original cataloging agency YMCAF
Language of cataloging eng
Transcribing agency IN-KoLT
041 ## - LANGUAGE CODE
Language code of text/sound track or separate title eng
082 ## - DEWEY DECIMAL CLASSIFICATION NUMBER
Classification number 621.9
Item number PRO
100 ## - MAIN ENTRY--PERSONAL NAME
Personal name TTP, LAHORE
245 #0 - TITLE STATEMENT
Title PROJECTS FITTER TOOL & DIE MAKER
250 ## - EDITION STATEMENT
Edition statement -
260 ## - PUBLICATION, DISTRIBUTION, ETC.
Name of publisher, distributor, etc. LAHORE
Date of publication, distribution, etc. 1978
300 ## - PHYSICAL DESCRIPTION
Extent 151
653 ## - INDEX TERM--UNCONTROLLED
Uncontrolled term Mechanical
942 ## - ADDED ENTRY ELEMENTS (KOHA)
Source of classification or shelving scheme Dewey Decimal Classification
Koha item type Books
Holdings
Withdrawn status Lost status Damaged status Not for loan Home library Current library Date acquired Total Checkouts Barcode Date last seen Price effective from Koha item type Public note G
        JC Bose University of Science & Technology JC Bose University of Science & Technology 17/07/2010   7277 12/05/2023 12/05/2023 Books C DONATION